000 00277nam a2200109Ia 4500
008 190216s9999||||xx |||||||||||||| ||und||
100 _aJaggi. K.P And Sushma Jain
245 0 _aIntroductory Computer Science
260 _bAcademic Foundation
_c1986
300 _a216p
942 _cBK
999 _c8354
_d8354